[Event "Stuttgarter Stadtmeisterschaft A"]
[Site "Ditzingen"]
[Date "2008.05.03"]
[Round "5.40"]
[White "Büter, Norbert"]
[Black "Grandidier, Raphael"]
[Result "1-0"]
[WhiteElo "1874"]
[BlackElo "2023"]
[PlyCount "103"]
[EventDate "2008.05.??"]
[EventType "swiss"]
[EventRounds "7"]
[EventCountry "GER"]
[WhiteTeam "Sabt SpVgg Rommelshausen"]
[BlackTeam "SC Oberwinden 1957 e.V."]

1. d4 Nf6 2. c4 c5 3. d5 b5 4. cxb5 a6 5. Nc3 axb5 6. e4 b4 7. Nb5 d6 8. Bc4
Nbd7 9. Nf3 g6 10. e5 Nb6 11. exf6 Nxc4 12. Qe2 Ba6 13. Qxc4 Qb6 14. a4 Bxb5
15. Qe4 Kd7 16. Be3 exf6 17. Nd2 f5 18. Qb1 Rxa4 19. Rxa4 Bxa4 20. Nc4 Qa6 21.
b3 Bg7 22. O-O Bb5 23. Qc2 Bxc4 24. bxc4 Re8 25. Bg5 Qa3 26. Rb1 b3 27. Qd3 Qb4
28. Bd2 Qa4 29. Rxb3 Kc7 30. h3 Rb8 31. Ra3 Qd1+ 32. Kh2 Qb1 33. Ra7+ Kc8 34.
Qa3 Rb7 35. Ra8+ Rb8 36. Ra7 Rb7 37. Ra8+ Rb8 38. Qa6+ Qb7 39. Rxb8+ Kxb8 40.
Qxd6+ Ka8 41. Qxc5 Be5+ 42. f4 Bb8 43. Be3 Bc7 44. Qf8+ Qb8 45. Qxb8+ Bxb8 46.
Kg1 Kb7 47. Kf1 Ka6 48. Ke2 Ka5 49. Kd3 Kb4 50. c5 Kb5 51. Kd4 f6 52. d6 1-0

[Event "Stuttgarter Stadtmeisterschaft A"]
[Site "Ditzingen"]
[Date "2008.05.03"]
[Round "5.41"]
[White "Herbst, Rudolf"]
[Black "Ter-Akopyan, Bagrat"]
[Result "0-1"]
[WhiteElo "1761"]
[BlackElo "1984"]
[PlyCount "51"]
[EventDate "2008.05.??"]
[EventType "swiss"]
[EventRounds "7"]
[EventCountry "GER"]
[WhiteTeam "SK Neuhausen"]
[BlackTeam "SV Puschendorf"]

1. c4 e5 2. Nc3 Nc6 3. Nf3 g6 4. d4 Bg7 5. dxe5 Nxe5 6. Nxe5 Bxe5 7. Qd3 Ne7 8.
e4 O-O 9. Be2 Bg7 10. O-O d6 11. f4 f5 12. Bf3 Nc6 13. Be3 Be6 14. Rac1 Qd7 15.
b3 Rae8 16. Bf2 fxe4 17. Bxe4 Rxf4 18. Nd5 Rff8 19. Be3 Ne5 20. Qd2 Ng4 21.
Rxf8+ Rxf8 22. Bd4 Bh6 23. Be3 Nxe3 24. Nxe3 Bf7 25. Re1 Re8 26. Bd5 0-1

[Event "Stuttgarter Stadtmeisterschaft A"]
[Site "Ditzingen"]
[Date "2008.05.03"]
[Round "5.42"]
[White "Diele, Ralf"]
[Black "Stegmaier, Michael"]
[Result "1-0"]
[WhiteElo "1965"]
[BlackElo "1802"]
[PlyCount "129"]
[EventDate "2008.05.??"]
[EventType "swiss"]
[EventRounds "7"]
[EventCountry "GER"]
[WhiteTeam "Schachklub Werther 1949 e.V."]
[BlackTeam "SC Tamm 74"]

1. e4 c5 2. Nf3 Nc6 3. d4 cxd4 4. Nxd4 g6 5. Nc3 Bg7 6. Be3 d6 7. Bb5 Bd7 8.
O-O Nf6 9. Nf3 O-O 10. Qd2 Ng4 11. Bf4 Nce5 12. Bxd7 Qxd7 13. Nxe5 Nxe5 14.
Bxe5 Bxe5 15. f4 Bg7 16. e5 Rfd8 17. Rad1 Qc6 18. Qf2 dxe5 19. Rxd8+ Rxd8 20.
fxe5 Qb6 21. Qxb6 axb6 22. e6 fxe6 23. Rd1 Rd6 24. Rxd6 exd6 25. Nb5 Be5 26. h3
d5 27. c3 Bf4 28. Kf2 Kg7 29. Kf3 e5 30. Nc7 Bc1 31. Nxd5 Bxb2 32. Ke4 b5 33.
Kxe5 b4 34. Kd4 bxc3 35. Nxc3 Kf6 36. Kc4 Bxc3 37. Kxc3 Ke5 38. a4 Kd5 39. Kb4
Kc6 40. a5 h6 41. h4 h5 42. g3 Kc7 43. Kc5 Kd7 44. Kd5 Kc7 45. Ke6 Kc6 46. Kf6
Kb5 47. Kxg6 Kxa5 48. Kxh5 b5 49. g4 b4 50. g5 b3 51. g6 b2 52. g7 b1=Q 53.
g8=Q Qd1+ 54. Kh6 Qh1 55. h5 Kb6 56. Qg6+ Kc7 57. Kh7 Kd7 58. h6 Ke7 59. Kh8
Qa8+ 60. Qg8 Qh1 61. Qg7+ Ke8 62. h7 Qh3 63. Qg6+ Kf8 64. Qf6+ Ke8 65. Kg7 1-0

[Event "Stuttgarter Stadtmeisterschaft A"]
[Site "Ditzingen"]
[Date "2008.05.03"]
[Round "5.43"]
[White "Maissenbacher, Werner"]
[Black "Kreiter, Thomas"]
[Result "1/2-1/2"]
[WhiteElo "1948"]
[BlackElo "1781"]
[PlyCount "68"]
[EventDate "2008.05.??"]
[EventType "swiss"]
[EventRounds "7"]
[EventCountry "GER"]
[WhiteTeam "SC 1948 Ersingen e.V."]
[BlackTeam "SC Tamm 74"]

1. e4 {[%emt 0:00:00]} c5 2. Nf3 Nc6 3. d4 cxd4 4. Nxd4 e5 5. Nb3 Nf6 6. f3 d5
7. exd5 Qxd5 8. Bd2 Bf5 9. Nc3 Qd7 10. Bb5 a6 11. Bxc6 Qxc6 12. O-O Bd6 13. Re1
O-O 14. Kh1 b5 15. Rc1 Rac8 16. a3 Rfe8 17. Bg5 Bxa3 18. Nxb5 Rcd8 19. Qe2 Bxb2
20. Rb1 axb5 21. Rxb2 Qc3 22. Ra2 Bxc2 23. Rxc2 Qxb3 24. Rb2 Qc4 25. Qxc4 bxc4
26. Rc2 Rc8 27. Rec1 Red8 28. Kg1 Rd4 29. Be3 Rd3 30. Kf2 Nd5 31. Rxc4 Rd8 32.
Rc8 Nxe3 33. Rxd8+ Rxd8 34. Kxe3 g6 1/2-1/2

[Event "Stuttgarter Stadtmeisterschaft A"]
[Site "Ditzingen"]
[Date "2008.05.03"]
[Round "5.44"]
[White "Fahnenschmidt, Gerhard"]
[Black "Hittinger, Immanuel"]
[Result "0-1"]
[WhiteElo "2101"]
[BlackElo "1928"]
[PlyCount "146"]
[EventDate "2008.05.??"]
[EventType "swiss"]
[EventRounds "7"]
[EventCountry "GER"]
[WhiteTeam "SAbt VfL Sindelfingen"]
[BlackTeam "SK Bebenhausen 1992"]

1. c4 g6 2. e4 c5 3. Nf3 Nc6 4. d4 cxd4 5. Nxd4 Bg7 6. Be3 d6 7. Be2 Nf6 8. Nc3
O-O 9. O-O Bd7 10. Qd2 Rc8 11. f4 a6 12. Rab1 Nxd4 13. Bxd4 Be6 14. b3 Bd7 15.
Qe3 Bc6 16. Rbd1 Nd7 17. e5 dxe5 18. fxe5 Qa5 19. e6 Bxd4 20. Rxd4 Nf6 21. Bf3
Bxf3 22. Rxf3 Qb6 23. Rxf6 exf6 24. e7 Rfe8 25. Nd5 Qe6 26. Re4 Qd6 27. Qd4 Kg7
28. g4 Qc5 29. Kg2 Qxd4 30. Rxd4 Rc5 31. b4 Rxd5 32. cxd5 Rxe7 33. d6 Rd7 34.
Kf3 f5 35. gxf5 gxf5 36. Kf4 Kf6 37. Rd5 Ke6 38. Rxf5 Rxd6 39. Rh5 Rd4+ 40. Ke3
Rxb4 41. Rxh7 Ra4 42. Rh6+ f6 43. Rh7 b5 44. Kd3 Rxa2 45. Kc3 a5 46. Ra7 Rxh2
47. Rxa5 Rh5 48. Kd4 Rh4+ 49. Ke3 b4 50. Rb5 b3 51. Kd3 Rh2 52. Rb6+ Kf5 53.
Rb5+ Kf4 54. Rb4+ Kg5 55. Ke3 b2 56. Kf3 Rc2 57. Rb5+ Kg6 58. Ke4 Kf7 59. Rb6
Ke7 60. Kd5 Rd2+ 61. Ke4 Kd7 62. Ke3 Rh2 63. Kd4 Kc7 64. Rb5 Kc6 65. Rb8 f5 66.
Kc3 Kc5 67. Kd3 f4 68. Rc8+ Kb4 69. Rb8+ Ka3 70. Kc3 Ka2 71. Ra8+ Kb1 72. Re8
Rh3+ 73. Kd2 Ka2 0-1

[Event "Stuttgarter Stadtmeisterschaft A"]
[Site "Ditzingen"]
[Date "2008.05.03"]
[Round "5.45"]
[White "Rempeli, Alex"]
[Black "Reichert, Manuel"]
[Result "1/2-1/2"]
[WhiteElo "1713"]
[BlackElo "1946"]
[PlyCount "50"]
[EventDate "2008.05.??"]
[EventType "swiss"]
[EventRounds "7"]
[EventCountry "GER"]
[WhiteTeam "SF Deizisau"]
[BlackTeam "SGem Vaihingen-Rohr"]

1. d4 Nf6 2. c4 g6 3. Nc3 d5 4. cxd5 Nxd5 5. e4 Nxc3 6. bxc3 Bg7 7. Bc4 c5 8.
Ne2 Nc6 9. Be3 O-O 10. O-O Bg4 11. f3 Na5 12. Bxf7+ Rxf7 13. fxg4 Rxf1+ 14.
Kxf1 cxd4 15. cxd4 e5 16. d5 Nc4 17. Bf2 Qf6 18. Kg1 Bh6 19. Qd3 Rc8 20. h4 Qa6
21. g5 Bf8 22. Ng3 Ba3 23. Qb3 Nd2 24. Qe3 Bb2 25. Rd1 Nc4 1/2-1/2

[Event "Stuttgarter Stadtmeisterschaft A"]
[Site "Ditzingen"]
[Date "2008.05.03"]
[Round "5.46"]
[White "Heeke, Guido"]
[Black "Löwe, Joachim"]
[Result "1/2-1/2"]
[WhiteElo "1944"]
[BlackElo "1778"]
[PlyCount "46"]
[EventDate "2008.05.??"]
[EventType "swiss"]
[EventRounds "7"]
[EventCountry "GER"]
[WhiteTeam "Schachverein Letmathe 1933 e.V."]
[BlackTeam "SK Schmiden/Cannstatt"]

1. c4 Nf6 2. Nc3 d5 3. cxd5 Nxd5 4. Nf3 Nxc3 5. bxc3 g6 6. g3 Bg7 7. d4 c5 8.
e3 O-O 9. Bg2 Qa5 10. Bd2 Qa6 11. Qe2 Qxe2+ 12. Kxe2 e5 13. Nxe5 Bxe5 14. dxe5
Na6 15. Bd5 Re8 16. f4 Nc7 17. e4 Nxd5 18. exd5 f6 19. e6 b5 20. Be3 Bb7 21.
Rhd1 Rad8 22. Bxc5 Rxd5 23. Rxd5 Rxe6+ 1/2-1/2

[Event "Stuttgarter Stadtmeisterschaft A"]
[Site "Ditzingen"]
[Date "2008.05.03"]
[Round "5.47"]
[White "Marquardt, Patrick"]
[Black "Hoffmann, Ekkehard"]
[Result "1/2-1/2"]
[WhiteElo "1859"]
[BlackElo "2002"]
[PlyCount "66"]
[EventDate "2008.05.??"]
[EventType "swiss"]
[EventRounds "7"]
[EventCountry "GER"]
[WhiteTeam "SG Donautal Tuttlingen"]

1. e4 Nf6 2. e5 Nd5 3. d4 d6 4. c4 Nb6 5. exd6 exd6 6. b3 Nc6 7. Bb2 d5 8. c5
Nd7 9. Nf3 Nf6 10. Bd3 Nb4 11. O-O Nxd3 12. Qxd3 Be7 13. Nc3 O-O 14. b4 c6 15.
a4 Qc7 16. Rfe1 Bg4 17. Ne5 Bh5 18. Qg3 Rfe8 19. Bc1 Bg6 20. Bf4 Qc8 21. Nxg6
hxg6 22. Qd3 Qf5 23. Qxf5 gxf5 24. f3 Nd7 25. Bg3 Bf6 26. Bf2 Rxe1+ 27. Rxe1
Kf8 28. Kf1 Re8 29. Rxe8+ Kxe8 30. Ke2 Nf8 31. Kd3 Ne6 32. Be3 Kd7 33. Ne2 g6
1/2-1/2

[Event "Stuttgarter Stadtmeisterschaft A"]
[Site "Ditzingen"]
[Date "2008.05.03"]
[Round "5.48"]
[White "Janata, Andreas"]
[Black "Winkler, Stefan"]
[Result "1-0"]
[WhiteElo "1979"]
[BlackElo "1824"]
[PlyCount "97"]
[EventDate "2008.05.??"]
[EventType "swiss"]
[EventRounds "7"]
[EventCountry "GER"]
[WhiteTeam "Sabt SpVgg Rommelshausen"]
[BlackTeam "SC Starnberg"]

1. d4 d5 2. c4 c6 3. cxd5 cxd5 4. Nc3 Nf6 5. Nf3 Nc6 6. Bf4 a6 7. e3 Bg4 8. Be2
e6 9. h3 Bf5 10. g4 Bg6 11. Ne5 Ne4 12. h4 f6 13. Nxg6 hxg6 14. Bd3 f5 15. g5
Be7 16. Ke2 Kf7 17. Rc1 Qb6 18. Na4 Qa5 19. a3 Rh7 20. b4 Qd8 21. Nc5 Bxc5 22.
bxc5 Qa5 23. Qc2 Rah8 24. Qb2 Nd8 25. f3 e5 26. Bxe4 dxe4 27. Bxe5 exf3+ 28.
Kxf3 Rxh4 29. Rxh4 Rxh4 30. Bf4 Kg8 31. Qb4 Qxb4 32. axb4 Nc6 33. Rb1 Kf7 34.
d5 Nd8 35. b5 axb5 36. Rxb5 Ke8 37. Bc7 Nf7 38. Rxb7 Nxg5+ 39. Ke2 Ne4 40. Be5
Nxc5 41. Rxg7 Rg4 42. Bc7 Kf8 43. Rh7 Kg8 44. Re7 g5 45. d6 Rg2+ 46. Ke1 f4 47.
Bb6 fxe3 48. Bxc5 Rd2 49. d7 1-0

[Event "Stuttgarter Stadtmeisterschaft A"]
[Site "Ditzingen"]
[Date "2008.05.03"]
[Round "5.49"]
[White "Streiter, Manfred"]
[Black "Bergner, Philipp"]
[Result "1/2-1/2"]
[WhiteElo "1968"]
[BlackElo "1749"]
[PlyCount "38"]
[EventDate "2008.05.??"]
[EventType "swiss"]
[EventRounds "7"]
[EventCountry "GER"]
[WhiteTeam "SAbt TSV Schönaich"]
[BlackTeam "SV Backnang"]

1. d4 Nf6 2. Bg5 g6 3. Bxf6 exf6 4. e3 Bg7 5. Nd2 O-O 6. g3 d5 7. Bg2 c6 8. Ne2
Be6 9. O-O Na6 10. c3 Nc7 11. Nf4 Qc8 12. Rc1 Bh6 13. Nxe6 fxe6 14. c4 Qd7 15.
Qc2 Rac8 16. f4 e5 17. Nb3 b6 18. Rfd1 exf4 19. exf4 f5 1/2-1/2

[Event "Stuttgarter Stadtmeisterschaft A"]
[Site "Ditzingen"]
[Date "2008.05.03"]
[Round "5.50"]
[White "Felser, Martin"]
[Black "Srokovskiy, Alexander"]
[Result "1/2-1/2"]
[WhiteElo "1963"]
[BlackElo "1765"]
[PlyCount "30"]
[EventDate "2008.05.??"]
[EventType "swiss"]
[EventRounds "7"]
[EventCountry "GER"]
[WhiteTeam "SC Dillingen"]
[BlackTeam "Ooser SC von 1930 Baden-Baden"]

1. Nf3 d5 2. d4 Nc6 3. g3 Bg4 4. Bg2 Nf6 5. Bf4 e6 6. h3 Bxf3 7. Bxf3 Bd6 8.
Bxd6 cxd6 9. e3 Qd7 10. Nc3 Rc8 11. Qd2 Qc7 12. O-O O-O 13. e4 dxe4 14. Nxe4
Nxe4 15. Bxe4 d5 1/2-1/2

[Event "Stuttgarter Stadtmeisterschaft A"]
[Site "Ditzingen"]
[Date "2008.05.03"]
[Round "5.51"]
[White "Viehoff, Jürgen"]
[Black "Rudhart, Michael"]
[Result "0-1"]
[WhiteElo "1812"]
[BlackElo "1917"]
[PlyCount "78"]
[EventDate "2008.05.??"]
[EventType "swiss"]
[EventRounds "7"]
[EventCountry "GER"]
[WhiteTeam "SC Stetten a.d.F."]
[BlackTeam "Schachclub Feuerbach e. V."]

1. d4 d5 2. Nf3 Nf6 3. e3 Nbd7 4. Bd3 c5 5. c4 cxd4 6. exd4 a6 7. Nc3 dxc4 8.
Bxc4 e6 9. O-O b5 10. Bb3 Bb7 11. Qe2 Be7 12. Ng5 O-O 13. Bxe6 fxe6 14. Qxe6+
Kh8 15. Re1 Bb4 16. Nf7+ Rxf7 17. Qxf7 Qb6 18. a3 Bxc3 19. Re7 Rg8 20. Rxd7
Nxd7 21. bxc3 Qc6 22. Qf3 Qxf3 23. gxf3 Bxf3 24. h3 Rc8 25. Bb2 Rc6 26. Kh2 Rg6
27. Rg1 Rxg1 28. Kxg1 Nb6 29. Kh2 Nc4 30. Bc1 h6 31. Kg3 Bc6 32. h4 Kh7 33. Kf4
g6 34. Kg4 Kg7 35. f4 Kf6 36. h5 Nd6 37. hxg6 Kxg6 38. Kh4 Nf5+ 39. Kg4 Bg2 0-1

[Event "Stuttgarter Stadtmeisterschaft A"]
[Site "Ditzingen"]
[Date "2008.05.03"]
[Round "5.52"]
[White "Bacquele, Fabrice"]
[Black "Giricz, Thomas"]
[Result "1-0"]
[WhiteElo "1626"]
[BlackElo "1875"]
[PlyCount "67"]
[EventDate "2008.05.??"]
[EventType "swiss"]
[EventRounds "7"]
[EventCountry "GER"]
[WhiteTeam "SC Wangen"]
[BlackTeam "SAbt VfL Sindelfingen"]

1. e4 Nf6 2. e5 Nd5 3. d4 d6 4. c4 Nb6 5. exd6 cxd6 6. Nc3 g6 7. Be3 Bg7 8. Rc1
O-O 9. b3 Nc6 10. d5 Nb8 11. Be2 e5 12. dxe6 Bxe6 13. Nf3 Nc6 14. O-O Bf5 15.
Qd2 Re8 16. Rfd1 Bf8 17. Nb5 d5 18. cxd5 Ne5 19. d6 Rc8 20. Nc7 Nxf3+ 21. Bxf3
Rxe3 22. fxe3 Qf6 23. e4 Bd7 24. Qd4 Qg5 25. Rc5 Qd8 26. e5 Bf5 27. Bxb7 Rb8
28. Be4 Bc8 29. Rf1 Bg7 30. Bd5 Nxd5 31. Qxd5 Qd7 32. e6 fxe6 33. Nxe6 Qxe6 34.
Rxc8+ 1-0

[Event "Stuttgarter Stadtmeisterschaft A"]
[Site "Ditzingen"]
[Date "2008.05.03"]
[Round "5.54"]
[White "Ferstl, Manfred"]
[Black "Lörincz, Benjamin"]
[Result "1-0"]
[WhiteElo "2021"]
[BlackElo "1935"]
[PlyCount "107"]
[EventDate "2008.05.??"]
[EventType "swiss"]
[EventRounds "7"]
[EventCountry "GER"]
[WhiteTeam "SC Grunbach"]
[BlackTeam "SK Lauffen"]

1. e4 c5 2. Nf3 d6 3. d4 cxd4 4. Qxd4 a6 5. c4 Nc6 6. Qd2 Qc7 7. b3 Nf6 8. Nc3
e6 9. Be2 Be7 10. O-O O-O 11. Bb2 b6 12. h3 Bb7 13. Qe3 Nb4 14. Rac1 Nd7 15. a3
Nc6 16. Nd5 Qd8 17. Nxe7+ Qxe7 18. Rfd1 Rfd8 19. Rd2 Nc5 20. b4 Na4 21. Ba1 a5
22. b5 Na7 23. Bd1 Nc5 24. Bc2 Rd7 25. Rcd1 Rad8 26. Nh2 Nc8 27. Nf1 d5 28.
exd5 exd5 29. Qg3 f6 30. Qh4 g5 31. Qg4 dxc4 32. Rxd7 Rxd7 33. Rxd7 Qxd7 34.
Bf5 Qd8 35. Qxc4+ Kg7 36. Bxh7 Nd6 37. Qc2 Be4 38. Bxe4 Ndxe4 39. f3 Nd6 40.
Ng3 Qe8 41. Qd2 Nc4 42. Qxg5+ Kf8 43. Qxf6+ Qf7 44. Qd8+ Qe8 45. Qf6+ Qf7 46.
Qh6+ Ke7 47. Qg5+ Ke8 48. Nf5 Ne6 49. Qg4 Kd7 50. a4 Nd6 51. Nd4 Ne8 52. Qxe6+
Qxe6 53. Nxe6 Kxe6 54. Bd4 1-0

[Event "Stuttgarter Stadtmeisterschaft A"]
[Site "Ditzingen"]
[Date "2008.05.03"]
[Round "5.55"]
[White "Schmid, Eugen"]
[Black "Seifert, Martin"]
[Result "1/2-1/2"]
[WhiteElo "1960"]
[BlackElo "1932"]
[PlyCount "85"]
[EventDate "2008.05.??"]
[EventType "swiss"]
[EventRounds "7"]
[EventCountry "GER"]
[WhiteTeam "SV Herrenberg e.V."]
[BlackTeam "SV Schwaikheim"]

1. d4 d5 2. Nf3 Nf6 3. c4 e6 4. g3 dxc4 5. Bg2 g6 6. O-O Bg7 7. Nc3 O-O 8. Qa4
Bd7 9. Qxc4 Bc6 10. Bg5 h6 11. Bxf6 Bxf6 12. e4 Nd7 13. Rad1 Nb6 14. Qb3 Qe8
15. Qc2 Rd8 16. Rfe1 e5 17. d5 Bd7 18. h3 Bg7 19. Qe2 Nc8 20. Qc4 c6 21. Nh4
Qe7 22. dxc6 Be6 23. Nd5 Bxd5 24. exd5 Nd6 25. Qc5 b6 26. Qb4 Qc7 27. Re2 Kh7
28. Rde1 f5 29. Nf3 Nf7 30. Nd2 e4 31. Nxe4 fxe4 32. Bxe4 Be5 33. Qb3 Bd6 34.
f4 h5 35. Qd3 Rg8 36. Qf3 Kh6 37. Bc2 Bb4 38. Rf1 Be7 39. Kg2 Qd6 40. Bb3 Qf6
41. g4 hxg4 42. hxg4 Kg7 43. g5 1/2-1/2

[Event "Stuttgarter Stadtmeisterschaft A"]
[Site "Ditzingen"]
[Date "2008.05.03"]
[Round "5.56"]
[White "Weißbeck, Simon"]
[Black "Schlachetzki, Horst"]
[Result "1/2-1/2"]
[WhiteElo "1831"]
[BlackElo "1968"]
[PlyCount "40"]
[EventDate "2008.05.??"]
[EventType "swiss"]
[EventRounds "7"]
[EventCountry "GER"]
[WhiteTeam "Heilbronner SV"]
[BlackTeam "SC Leinfelden"]

1. e4 c5 2. c3 d5 3. exd5 Qxd5 4. d4 Nf6 5. Nf3 Bg4 6. Be2 e6 7. h3 Bh5 8. O-O
Nc6 9. Be3 cxd4 10. cxd4 Be7 11. Nc3 Qd6 12. Qb3 O-O 13. Rfd1 Rfd8 14. Rac1 Qb4
15. g4 Qxb3 16. axb3 Bg6 17. Ne5 Rac8 18. Bf3 Nd5 19. Nxd5 exd5 20. Nxg6 hxg6
1/2-1/2

[Event "Stuttgarter Stadtmeisterschaft A"]
[Site "Ditzingen"]
[Date "2008.05.03"]
[Round "6.1"]
[White "Sumets, Andrey"]
[Black "Rau, Hannes"]
[Result "1/2-1/2"]
[WhiteElo "2532"]
[BlackElo "2424"]
[PlyCount "23"]
[EventDate "2008.05.??"]
[EventType "swiss"]
[EventRounds "7"]
[EventCountry "GER"]

1. d4 Nf6 2. c4 e6 3. Nc3 Bb4 4. Qc2 O-O 5. a3 Bxc3+ 6. Qxc3 d6 7. Bg5 Nbd7 8.
e3 b6 9. Ne2 Ba6 10. Qc2 c5 11. Nc3 h6 12. Bxf6 1/2-1/2

[Event "Stuttgarter Stadtmeisterschaft A"]
[Site "Ditzingen"]
[Date "2008.05.03"]
[Round "6.3"]
[White "Luther, Thomas"]
[Black "Schebler, Gerhard"]
[Result "1-0"]
[WhiteElo "2539"]
[BlackElo "2442"]
[PlyCount "57"]
[EventDate "2008.05.??"]
[EventType "swiss"]
[EventRounds "7"]
[EventCountry "GER"]

1. e4 c5 2. Nf3 Nc6 3. d4 cxd4 4. Nxd4 e5 5. Nb5 a6 6. Nd6+ Bxd6 7. Qxd6 Qf6 8.
Qc7 Nge7 9. Nc3 Nd4 10. Bd3 Ne6 11. Qd6 Nf4 12. Qxf6 Nxd3+ 13. cxd3 gxf6 14. f4
b5 15. O-O Rg8 16. Be3 Bb7 17. Bc5 d5 18. Rf2 Ng6 19. fxe5 fxe5 20. Nxd5 Bxd5
21. exd5 Nf4 22. Rd2 Kd7 23. Rf1 Rg4 24. Kh1 f6 25. d6 Rag8 26. g3 Nd5 27. Rf5
Rc8 28. d4 e4 29. Rxd5 1-0

[Event "Stuttgarter Stadtmeisterschaft A"]
[Site "Ditzingen"]
[Date "2008.05.03"]
[Round "6.4"]
[White "Eisenbeiser, Amadeus"]
[Black "Schlötzer, Waldemar"]
[Result "1-0"]
[WhiteElo "2422"]
[BlackElo "2268"]
[PlyCount "35"]
[EventDate "2008.05.??"]
[EventType "swiss"]
[EventRounds "7"]
[EventCountry "GER"]

1. e4 d5 2. exd5 Qxd5 3. Nc3 Qa5 4. d4 Nf6 5. Bc4 Bf5 6. Nf3 e6 7. Bd2 c6 8.
Nd5 Qd8 9. Nxf6+ gxf6 10. Qe2 Be7 11. O-O-O Qc7 12. Rhe1 Nd7 13. Nh4 Bg6 14.
Bxe6 fxe6 15. Qxe6 Nb6 16. Nxg6 hxg6 17. Qxf6 Rg8 18. Rxe7+ 1-0

[Event "Stuttgarter Stadtmeisterschaft A"]
[Site "Ditzingen"]
[Date "2008.05.03"]
[Round "6.5"]
[White "Reinhart, Emmanuel"]
[Black "Ringoir, Tanguy"]
[Result "1-0"]
[WhiteElo "2298"]
[BlackElo "2252"]
[PlyCount "89"]
[EventDate "2008.05.??"]
[EventType "swiss"]
[EventRounds "7"]
[EventCountry "GER"]

1. e4 c5 2. Nf3 d6 3. c3 Nf6 4. h3 Nbd7 5. Bd3 b6 6. O-O Bb7 7. Re1 Rc8 8. Bc2
Qc7 9. d3 e6 10. Nbd2 Be7 11. Nf1 O-O 12. Ng3 Rfd8 13. Qe2 Ba6 14. Nh2 b5 15.
Bg5 b4 16. c4 Ne5 17. Ba4 h6 18. Bd2 Bb7 19. f4 Nc6 20. Bxc6 Qxc6 21. Nf3 Re8
22. Rab1 a5 23. Qf2 Rcd8 24. Bc1 Bf8 25. b3 a4 26. Bb2 Be7 27. Rf1 Bc8 28. e5
Nh7 29. Nh5 d5 30. Qg3 g6 31. Nf6+ Bxf6 32. exf6 d4 33. Ne5 Qd6 34. Nxg6 Nxf6
35. Ne5+ Kf8 36. Qh4 Ng8 37. Rf3 f6 38. Ng6+ Kg7 39. Rg3 Kh7 40. Qh5 Qc7 41.
Re1 Rd7 42. Rxe6 Rxe6 43. Nf8+ Kh8 44. Nxe6 Qd6 45. Qg4 1-0

[Event "Stuttgarter Stadtmeisterschaft A"]
[Site "Ditzingen"]
[Date "2008.05.03"]
[Round "6.8"]
[White "Kerpe, Andreas"]
[Black "Reefschläger, Helmut"]
[Result "0-1"]
[WhiteElo "1977"]
[BlackElo "2295"]
[PlyCount "52"]
[EventDate "2008.05.??"]
[EventType "swiss"]
[EventRounds "7"]
[EventCountry "GER"]

1. f4 d5 2. Nf3 Nf6 3. g3 b6 4. Bg2 Bb7 5. d3 Nbd7 6. O-O a5 7. Nc3 Nc5 8. Qe1
e6 9. e4 dxe4 10. Ng5 exd3 11. Bxb7 Nxb7 12. Nxe6 fxe6 13. Qxe6+ Be7 14. Qc6+
Kf7 15. Qxb7 d2 16. Bxd2 Qxd2 17. Rae1 Qd7 18. Rd1 Bd6 19. f5 Rad8 20. Qf3 Qc8
21. g4 Qa8 22. Qxa8 Rxa8 23. g5 Ng4 24. Ne4 Ne3 25. Nxd6+ cxd6 26. g6+ Kf8 0-1

[Event "Stuttgarter Stadtmeisterschaft A"]
[Site "Ditzingen"]
[Date "2008.05.03"]
[Round "6.9"]
[White "Wolbert, Christian"]
[Black "Barthel, Ansgar"]
[Result "1/2-1/2"]
[WhiteElo "2171"]
[BlackElo "2258"]
[PlyCount "57"]
[EventDate "2008.05.??"]
[EventType "swiss"]
[EventRounds "7"]
[EventCountry "GER"]

1. d4 Nf6 2. c4 g6 3. Nc3 Bg7 4. e4 d6 5. Nf3 O-O 6. Be2 Na6 7. Be3 Ng4 8. Bg5
h6 9. Bd2 e5 10. dxe5 dxe5 11. h3 Nf6 12. O-O Nc5 13. Qc2 Nh5 14. Rfd1 Qe8 15.
Nd5 Ne6 16. Bb4 c5 17. Bc3 f6 18. Ne1 Nhf4 19. Bg4 Qf7 20. Nxf4 Nxf4 21. Bxc8
Raxc8 22. b3 Rfd8 23. Rxd8+ Rxd8 24. Rd1 Qe7 25. Kf1 Rd6 26. Rxd6 Qxd6 27. Bd2
Ne6 28. Qd3 Qxd3+ 29. Nxd3 1/2-1/2

[Event "Stuttgarter Stadtmeisterschaft A"]
[Site "Ditzingen"]
[Date "2008.05.03"]
[Round "6.10"]
[White "Dudek, Richard"]
[Black "Hirneise, Jens"]
[Result "1/2-1/2"]
[WhiteElo "2256"]
[BlackElo "2202"]
[PlyCount "68"]
[EventDate "2008.05.??"]
[EventType "swiss"]
[EventRounds "7"]
[EventCountry "GER"]

1. e4 e5 2. Nf3 Nc6 3. Bb5 Nd4 4. Nxd4 exd4 5. d3 Bc5 6. O-O c6 7. Bc4 d5 8.
exd5 cxd5 9. Bb5+ Kf8 10. c3 Ne7 11. Ba4 h5 12. Bf4 Ng6 13. Qd2 Qf6 14. Bg5 Qf5
15. cxd4 Bd6 16. Nc3 f6 17. Be3 h4 18. h3 Nf4 19. Bxf4 Bxf4 20. Qe2 Be6 21.
Rfe1 Kf7 22. Qf3 Rad8 23. Bb3 Rh5 24. Rxe6 Kxe6 25. Nxd5 Bh2+ 26. Kxh2 Qxf3 27.
Re1+ Kd6 28. gxf3 Rxd5 29. Bxd5 Kxd5 30. Re7 Kxd4 31. Rxb7 a5 32. Rxg7 Kxd3 33.
Rc7 Ke2 34. Rc5 Kxf2 1/2-1/2

[Event "Stuttgarter Stadtmeisterschaft A"]
[Site "Ditzingen"]
[Date "2008.05.03"]
[Round "6.11"]
[White "Krockenberger, Martin"]
[Black "Schulte, Torsten"]
[Result "1/2-1/2"]
[WhiteElo "2220"]
[BlackElo "2185"]
[PlyCount "31"]
[EventDate "2008.05.??"]
[EventType "swiss"]
[EventRounds "7"]
[EventCountry "GER"]

1. Nf3 Nf6 2. c4 c5 3. Nc3 d5 4. cxd5 Nxd5 5. g3 Nc6 6. Bg2 Nc7 7. O-O e5 8.
Ne1 Bg4 9. Bxc6+ bxc6 10. Qa4 Qd7 11. Nd3 f6 12. b3 Nb5 13. f3 Bf5 14. Ne4 Qd4+
15. Qxd4 cxd4 16. Bb2 1/2-1/2

[Event "Stuttgarter Stadtmeisterschaft A"]
[Site "Ditzingen"]
[Date "2008.05.03"]
[Round "6.12"]
[White "Kabisch, Thilo"]
[Black "Zhou, Syang"]
[Result "1/2-1/2"]
[WhiteElo "2284"]
[BlackElo "1991"]
[PlyCount "130"]
[EventDate "2008.05.??"]
[EventType "swiss"]
[EventRounds "7"]
[EventCountry "GER"]

1. e4 c5 2. Nf3 d6 3. d4 cxd4 4. Nxd4 Nf6 5. Nc3 g6 6. Be3 Bg7 7. Bc4 Nc6 8. f3
O-O 9. Qd2 Bd7 10. h4 Rc8 11. Bb3 h5 12. O-O-O Ne5 13. Bg5 Rc5 14. Kb1 b5 15.
Bxf6 Bxf6 16. Nd5 Bg7 17. g4 hxg4 18. h5 e6 19. Ne3 gxh5 20. f4 Nc4 21. Bxc4
bxc4 22. c3 Qa8 23. Ndc2 Qb7 24. e5 Rb8 25. Na3 Qe4+ 26. Nec2 Rd5 27. Qh2 Rxd1+
28. Rxd1 Qf3 29. Qd2 Qd3 30. Qe1 Qf5 31. Qe3 dxe5 32. Qxa7 Rf8 33. Qxd7 exf4
34. Nxc4 g3 35. Nd6 Qg4 36. Ne4 f3 37. Qd3 f5 38. Nd2 f2 39. Ne3 Qg5 40. Nf3
Qf4 41. Ng2 Qe4 42. Qxe4 fxe4 43. Nd2 Bh6 44. Nf1 e3 45. Ngxe3 Bxe3 46. Nxg3 h4
47. Nf1 Rf3 48. Rd3 h3 49. Kc2 e5 50. Kd1 e4 51. Rd5 Bf4 52. Ke2 h2 53. Rh5 Bc7
54. a4 Kg7 55. a5 Rf5 56. Rh4 Rxa5 57. Nxh2 Ra2 58. Nf1 Rxb2+ 59. Ke3 Rc2 60.
Rxe4 Bb6+ 61. Kd3 Rc1 62. Rg4+ Kf6 63. Ng3 Ba7 64. Rf4+ Kg5 65. Rf7 Kg4 1/2-1/2